| Tag |
First Indicator |
Second Indicator |
Subfields |
| LEADER |
00000cam a22000005a 4500 |
| 001 |
in00000082886 |
| 005 |
20151008054247.0 |
| 008 |
810508s1891 mau 00010 eng d |
| 035 |
|
|
|a (OCoLC)07404440
|
| 035 |
|
|
|9 AAJ0127AM
|
| 040 |
|
|
|a PLF
|c PLF
|d TXA
|d UtOrBLW
|
| 049 |
|
|
|a TXAM
|c [1654685]
|
| 090 |
|
|
|a B1305
|b .F7 1891
|
| 092 |
|
|
|a 192
|b B455s
|
| 100 |
1 |
|
|a Berkeley, George,
|d 1685-1753.
|
| 245 |
1 |
0 |
|a Selections from Berkeley :
|b with an introduction and notes, for the use of students in the universities /
|c by Alexander Campbell Fraser.
|
| 250 |
|
|
|a 4th ed., rev.
|
| 264 |
|
1 |
|a Oxford :
|b Clarendon Press,
|c 1891.
|
| 300 |
|
|
|a liii, 402 pages ;
|c 20 cm.
|
| 336 |
|
|
|a text
|b txt
|2 rdacontent
|
| 337 |
|
|
|a unmediated
|b n
|2 rdamedia
|
| 338 |
|
|
|a volume
|b nc
|2 rdacarrier
|
| 490 |
1 |
|
|a Clarendon Press series
|
| 700 |
1 |
|
|a Fraser, Alexander Campbell,
|d 1819-1914.
|
| 830 |
|
0 |
|a Clarendon Press series.
|
| 999 |
|
|
|a MARS
|
| 999 |
f |
f |
|s c59ae32b-139d-3535-b646-9356403ed8d5
|i b7da2c08-784c-356f-b081-bb2f3d7d433a
|t 0
|
| 952 |
f |
f |
|p ric
|a Texas A&M University
|b Rellis Campus
|c Joint Library Facility
|d Remote Storage
|t 0
|e B1305 .F7 1891
|h Library of Congress classification
|i unmediated -- volume
|m A14806080398
|
| 998 |
f |
f |
|a B1305 .F7 1891
|t 0
|l Remote Storage
|